| 000 | 00556nam a2200145Ia 4500 | ||
|---|---|---|---|
| 008 | 220216s9999 xx 000 0 und d | ||
| 100 | _aRajeevan B. | ||
| 245 | 0 | _aEnvironmental stress mediated TPD incidence in Hevea: The extension perspective | |
| 260 |
_bInternational Workshop on Climate Change and Rubber Cultivation: R & D Priorities, 28-30 July 2010, Rubber Research Institute of India, Kottayam, pp. 35-36 _c2010 |
||
| 650 | _aEnvironmental stress | ||
| 650 | _aRubber plantation | ||
| 650 | _aTPD incidence | ||
| 700 | _aNair R.B. | ||
| 942 | _cJS | ||
| 999 |
_c58681 _d58681 |
||